[Event "Patron CC-ch"]
[Site "Greece"]
[Date "2008.01.04"]
[Round "4"]
[White "Masouros, Panagiotis"]
[Black "Geramoutsos, Georgios"]
[Result "1-0"]
[WhiteElo "1941"]
[BlackElo "1390"]
[PlyCount "45"]
[EventDate "2008.01.02"]
[EventType "swiss"]
[EventRounds "7"]
[EventCountry "GRE"]
[SourceTitle "EXT 2010"]
[Source "ChessBase"]
[SourceDate "2010.11.25"]
[SourceVersion "1"]
[SourceVersionDate "2010.11.25"]
[SourceQuality "1"]

1. e4 c6 2. d4 d5 3. Nc3 dxe4 4. Nxe4 Bf5 5. Ng3 Bg6 6. f4 e6 7. Nf3 Bd6 8. Bd3 Ne7 9. 0-0 Nd7 10. Ne4 Bxe4 11. Bxe4 Nf6 12. Bd3 0-0 13. Kh1 c5 14. c3 Ned5 15. f5 cxd4 16. fxe6 dxc3 17. exf7+ Kh8 18. Ng5 cxb2 19. Bxb2 Ne3 20. Qf3 Nxf1 21. Rxf1 Be7 22. Nxh7 Rxf7 23. Ng5 1-0